Určenie základu dane pri spoluvlastníctve nehnuteľností

Pokračovanie príspevku o určovaní základu dane pri spoluvlastníctve nehnuteľností. Určovanie základu dane pri spoluvlastníctve stavby, ktorá je predmetom dane. Praktické príklady. Spoluvlastníctvo bytu a nebytového priestoru.

Guardado en:
Detalles Bibliográficos
Autor principal: Harušťáková, Iveta
Otros Autores: Harušťák, Igor
Formato: Capítulo de libro
Lenguaje:eslovaco
Materias:
Etiquetas: Agregar Etiqueta
Sin Etiquetas, Sea el primero en etiquetar este registro!

MARC

LEADER 00000naa a2200000 4500
001 r042676
005 20231002123101.5
041 0 |a slo 
044 |a SK 
245 1 0 |a Určenie základu dane pri spoluvlastníctve nehnuteľností  |c Iveta Harušťáková, Igor Harušťák 
520 |a Pokračovanie príspevku o určovaní základu dane pri spoluvlastníctve nehnuteľností. Určovanie základu dane pri spoluvlastníctve stavby, ktorá je predmetom dane. Praktické príklady. Spoluvlastníctvo bytu a nebytového priestoru. 
610 2 0 |a dane 
610 2 0 |a sadzby daňové 
610 2 0 |a nehnuteľnosti 
610 2 0 |a stavby 
610 2 0 |a byty 
610 2 0 |a priestory nebytové 
610 2 0 |a základ dane 
100 1 |a Harušťáková, Iveta 
700 1 |a Harušťák, Igor